[Event "Lukavac op 5th"]
[Site "Lukavac"]
[Date "2016.11.25"]
[Round "2"]
[White "Hodzic, Mujo"]
[Black "Harcin, Amer"]
[Result "0-1"]
[WhiteElo "1441"]
[BlackElo "1952"]
[PlyCount "100"]
[EventDate "2016.11.24"]
[EventType "swiss"]
[EventRounds "7"]
[EventCountry "BIH"]
[SourceTitle "EXT 2019"]
[Source "ChessBase"]
[SourceDate "2018.10.10"]
[SourceVersion "1"]
[SourceVersionDate "2018.10.10"]
[SourceQuality "1"]

1. d4 Nf6 2. c4 g6 3. Nc3 d5 4. e3 Bg7 5. Nf3 0-0 6. cxd5 Nxd5 7. Bc4 Nxc3 8. bxc3 c5 9. 0-0 Nc6 10. h3 a6 11. a4 Na5 12. Bd3 Qc7 13. Ba3 Be6 14. Ng5 Bb3 15. Bc2 Bxc2 16. Qxc2 cxd4 17. exd4 Bxd4 18. Qe4 Bf6 19. Nf3 Nc4 20. Bb4 a5 21. Ba3 Rac8 22. Rfc1 Rfd8 23. h4 Qc6 24. Qe2 Rd7 25. Nd4 Qd5 26. Rd1 Qe5 27. Qg4 e6 28. Re1 Qh5 29. Qxh5 gxh5 30. g3 Nxa3 31. Rxa3 Bxd4 32. Rd1 Rcd8 33. cxd4 Rxd4 34. Rb1 Rd1+ 35. Rxd1 Rxd1+ 36. Kg2 Rd4 37. Rb3 Rb4 38. Ra3 Kg7 39. Kf3 Kf6 40. Ke3 Ke5 41. f3 b6 42. Kd3 Kd5 43. Kc3 e5 44. Rb3 Rxb3+ 45. Kxb3 Kd4 46. f4 e4 47. Kc2 e3 48. Kd1 Kd3 49. Ke1 e2 50. f5 f6 0-1